| 000 | 00671nam a2200217 a 4500 | ||
|---|---|---|---|
| 005 | 20240806063943.0 | ||
| 008 | 160530s2013 mx r 000 0 spa d | ||
| 020 | _a9786074952629 | ||
| 035 | _aUPN01000210793 | ||
| 049 | _aCG | ||
| 050 | 4 |
_aPQ7298.41 Z3.3 _bA9.7 |
|
| 100 | 1 |
_aAzahua, Marina, _d1983- _939627 |
|
| 245 | 1 | 0 |
_aAusencia compartida : _btreinta ensayos mínimos ante el vacío / _cMarina Azahua. |
| 260 |
_aMéxico : _bFOEM, _c2013. |
||
| 300 | _a149 p. | ||
| 440 | 0 |
_aLetras. _pEnsayo |
|
| 500 | _aCertamen Internacional de Literatura 2012 "Sor Juana Inés de la Cruz" | ||
| 650 | 4 |
_aLiteratura mexicana _94466 |
|
| 905 | _aLibro | ||
| 999 |
_c182894 _d182894 |
||